Varias poesías sagradas y profanas / (Record no. 171814)

MARC details
000 -LEADER
campo de control de longitud fija 00634nam a22001695i 4500
001 - NÚMERO DE CONTROL
campo de control 171814
003 - IDENTIFICADOR DE NÚMERO DE CONTROL
campo de control ES-MaACL
005 - FECHA Y HORA DE LA ÚLTIMA TRANSACCIÓN
campo de control 20250930063150.0
008 - DATOS DE LONGITUD FIJA--INFORMACIÓN GENERAL
campo de control de longitud fija 090602s1968 sp |||| | spa d
100 0# - ENTRADA PRINCIPAL--NOMBRE DE PERSONA
Nombre de persona Solís, Antonio de,
Fechas asociadas al nombre 1610-1686
9 (RLIN) 107210
245 10 - MENCIÓN DEL TÍTULO
Título Varias poesías sagradas y profanas /
Mención de responsabilidad, etc. Antonio de Solís y Rivadeneyra ; edición crítica por Manuela Sánchez Regueira.
260 ## - PUBLICACIÓN, DISTRIBUCIÓN, ETC.
Lugar de publicación, distribución, etc. Madrid :
Nombre del editor, distribuidor, etc. Consejo Superior de Investigaciones Científicas,
Fecha de publicación, distribución, etc. 1968.
300 ## - DESCRIPCIÓN FÍSICA
Extensión VIII, 444 p. ;
Dimensiones 25 cm.
700 1# - ENTRADA AGREGADA--NOMBRE PERSONAL
Nombre de persona Sánchez Regueira, Manuela.
9 (RLIN) 140431
852 ## - LOCALIZACIÓN
Ubicación ES-MaACL
Número de control de estantería C-35500
itemnumber R.66714
Holdings
Estatus retirado Estado de pérdida Estado de daño No para préstamo Biblioteca de origen Biblioteca actual Ubicación en estantería Fecha de adquisición Fuente de adquisición Total de préstamos Signatura topográfica completa Código de barras Visto por última vez Precio de reemplazo Tipo de ítem Koha
        Biblioteca del Ateneo de Madrid Biblioteca del Ateneo de Madrid Depósito 2 02/06/2009     C-35500 1180314 23/02/2023 23/02/2023 Libro impreso